Szczegóły MARC21

Marketing w hotelarstwie : podręcznik praktyczny /

005 -DATA I CZAS OSTATNIEJ MODYFIKACJI [,]
    • @
    • pole kontrolne
    • 20080512093327.0
020 -Międzynarod. znormalizowany nr książki - ISBN [ , ]
    • a
    • Numer ISBN
    • 9788392582304 Find
040 -Instytucja sporządzająca opis [ , ]
    • a
    • Instytucja, która sporządziła opis (NP)
    • SZCZ U/BK
    • c
    • Instytucja, która sporządziła rekord (NP)
    • SZCZ U/BK
    • d
    • Instytucja, która zmodyfikowała rekord (P)
    • SZCZ U/OG
041 -Język dokumentu [0, ]
    • a
    • Język tekstu (P)
    • polski
044 -Kraj miejsca wydania [ , ]
    • a
    • Kraj miejsca wydania
    • Polska
942 -Rodzaj dokumentu [ , ]
    • c
    • Rodzaj dokumentu
    • Książka
100 -Hasło główne - nazwa osobowa [1, ]
    • a
    • Nazwa osobowa (NP)
    • Piasta, Jacek.
245 -Strefa tytułu i oznaczenia odpowiedzialności [1,0]
    • a
    • Tytuł
    • Marketing w hotelarstwie : Find
    • b
    • Ciąg dalszy tytułu (NP)
    • podręcznik praktyczny / Find
    • c
    • Pozostałe elementy strefy tytułu i oznaczenia odpowiedzialności (NP)
    • Jacek Piasta.
260 -Strefa adresu wydawniczego [ , ]
    • a
    • Miejsce wydania (P)
    • Warszawa :
    • b
    • Nazwa wydawcy (P)
    • Jacek Piasta - Doradztwo,
    • c
    • Data wydania (P)
    • cop. 2007.
300 -Strefa opisu fizycznego [ , ]
    • a
    • Określenie formy książki i/lub objętość (NP)
    • 384 s. :
    • b
    • Oznaczenie ilustracji (NP)
    • il. ;
    • c
    • Format (NP)
    • 24 cm.
504 -Uwaga dot. bibliogr. załącznikowej [ , ]
    • a
    • Uwaga dot. bibliografii załącznikowej
    • Bibliogr.
521 -Uwaga dot. przeznaczenia czytelniczego [8, ]
    • a
    • Uwaga dot. przeznaczenia czytelniczego
    • Dla hotelarzy zainteresowanych i związanych z marketingiem w hotelarstwie oraz uczniów i studentów szkół turystyczno-hotelarskich.
080 -Uniwersalna Klasyfikacja Dziesiętna [ , ]
    • 2
    • Identyfikator wydania tablic
    • UDC-P058
    • a
    • Symbol klasyfikacji
    • 640.41/.42
    • b
    • Dopowiedzenie
    • Hotele. Motele. Pensjonaty. Mieszkania i pokoje do wynajęcia. Hotelarstwo.
    • x
    • Poddział wspólny
    • (075)
    • b
    • Dopowiedzenie
    • (Podręczniki szkolne i akademickie).
080 -Uniwersalna Klasyfikacja Dziesiętna [ , ]
    • 2
    • Identyfikator wydania tablic
    • UDC-P058
    • a
    • Symbol klasyfikacji
    • 339.138
    • b
    • Dopowiedzenie
    • Marketing. Badania marketingowe.
    • x
    • Poddział wspólny
    • (075)
    • b
    • Dopowiedzenie
    • (Podręczniki szkolne i akademickie).
980 -Symbol UKD [ , ]
    • a
    • UKD
    • 640.41/.42:339.138](075)
920 -ISBN [ , ]
    • a
    • ISBN
    • 978-83-925823-0-4 Find
Status udost. Numer inwentarzowy Lokalizacja Data inwentaryzacji
1Z.110786BG2008-05-06
-6T.10027T2008-05-06
-3TM.5669T2008-05-06
-3TM.5670T2008-05-06
-6TM.5671T2008-05-06